000 00336nam a2200145Ia 4500
008 210210b1952 xxu||||| |||| 00| 0 eng d
041 _aeng
082 _a874/13
100 _aETUTHACHAN (K S)
245 _aVibagaveekshanam
260 _a
_b-
_c1952
650 _aVibagaveekshanam
690 _aMalayalam Criticism
906 _a002605
999 _c124575
_d124575